IKS the History and Culture of Science in Bharata Vol.1 (Record no. 13887)

MARC details
000 -LEADER
fixed length control field 00406nam a22001577a 4500
003 - CONTROL NUMBER IDENTIFIER
control field OSt
008 - FIXED-LENGTH DATA ELEMENTS--GENERAL INFORMATION
fixed length control field 260324b |||||||| |||| 00| 0 eng d
020 ## - INTERNATIONAL STANDARD BOOK NUMBER
International Standard Book Number 9798885751513
082 ## - DEWEY DECIMAL CLASSIFICATION NUMBER
Classification number 509.54 CHH
100 ## - MAIN ENTRY--PERSONAL NAME
Personal name CHAUHAN,Bhag Chand
245 ## - TITLE STATEMENT
Title IKS the History and Culture of Science in Bharata Vol.1
250 ## - EDITION STATEMENT
Edition statement 1st Ed
260 ## - PUBLICATION, DISTRIBUTION, ETC. (IMPRINT)
Place of publication, distribution, etc Gurugram
Name of publisher, distributor, etc Garuda Prakashan
Date of publication, distribution, etc 2024
300 ## - PHYSICAL DESCRIPTION
Extent 453p
942 ## - ADDED ENTRY ELEMENTS (KOHA)
Source of classification or shelving scheme Dewey Decimal Classification
Koha item type Reference Books
Holdings
Withdrawn status Lost status Source of classification or shelving scheme Damaged status Not for loan Collection code Home library Current library Date acquired Source of acquisition Currency Cost, normal purchase price Bill Number Total Checkouts Full call number Acc. no. / Barcode Date last seen Actual Cost, discounted price Bill Date Koha item type
    Dewey Decimal Classification     Book Club and Indian Knowledge System PIET C-LIBRARY PIET C-LIBRARY 16/03/2026 Zafaa Books and Distributors INR 799.00 ZBD0499   509.54 CHH K175 24/03/2026 599.25 16/03/2026 Reference Books
    Dewey Decimal Classification     IKS- Indian Knowledge System PIET C-LIBRARY PIET C-LIBRARY 23/03/2026 Zafaa Books and Distributors INR 799.00 ZBD0514   509.54 CHH 39971 28/03/2026 599.25 23/03/2026 Text Books
    Dewey Decimal Classification     IKS- Indian Knowledge System PIET C-LIBRARY PIET C-LIBRARY 23/03/2026 Zafaa Books and Distributors INR 799.00 ZBD0514   509.54 CHH 39972 28/03/2026 599.25 23/03/2026 Text Books

Design & Developed by: PIET Central Library
R70 Miles Stone Pattikalyana Samalkha Panipat 132102
mail ID :- [email protected], Phone No:- 0180-2569700 Ex.216